An introduction to the French poets : (Record no. 54927)
[ view plain ]
| 000 -LEADER | |
|---|---|
| fixed length control field | 00766nam a2200241 a 4500 |
| 001 - CONTROL NUMBER | |
| control field | 54927 |
| 003 - CONTROL NUMBER IDENTIFIER | |
| rucl marc code | BD-RJUL |
| 005 - DATE AND TIME OF LATEST TRANSACTION | |
| control field | 20211209080205.0 |
| 008 - FIXED-LENGTH DATA ELEMENTS--GENERAL INFORMATION | |
| fixed length control field | 161112s19561957enk b 001 0deng d |
| 035 ## - SYSTEM CONTROL NUMBER | |
| System control number | BD-RJUL 55049 |
| 040 ## - CATALOGING SOURCE | |
| Original cataloging agency | WSU |
| Transcribing agency | WSU |
| Modifying agency | m.c |
| -- | OCL |
| Language of cataloging | eng |
| 041 ## - LANGUAGE CODE | |
| Language code of text/sound track or separate title | eng |
| 082 ## - DEWEY DECIMAL CLASSIFICATION NUMBER | |
| Edition number | 23 |
| Classification number | 841.09 |
| Author mark and year | BRI 1957 |
| 099 ## - LOCAL FREE-TEXT CALL NUMBER (OCLC) | |
| Bangla Class number | *ML F - 7P - F6 |
| 100 1# - MAIN ENTRY--PERSONAL NAME | |
| Personal name | Brereton, Geoffrey. |
| 9 (RLIN) | 163741 |
| 245 13 - TITLE STATEMENT | |
| Title | An introduction to the French poets : |
| Remainder of title | Villon to the present day / |
| Statement of responsibility, etc. | Geoffrey Brereton |
| 260 ## - PUBLICATION, DISTRIBUTION, ETC. (IMPRINT) | |
| Place of publication, distribution, etc. | London : |
| Name of publisher, distributor, etc. | Methuen, |
| Date of publication, distribution, etc. | 1956 [reprint 1957] |
| 300 ## - PHYSICAL DESCRIPTION | |
| Pagination | xv, 302 p. ; |
| Size | 22 cm. |
| 504 ## - BIBLIOGRAPHY, ETC. NOTE | |
| Bibliography, etc | Includes bibliographical references and index. |
| 650 #0 - SUBJECT ADDED ENTRY--TOPICAL TERM | |
| Topical term or geographic name as entry element | Poets, French |
| 9 (RLIN) | 163742 |
| Topical term or geographic name as entry element | French poetry |
| General subdivision | History and criticism |
| 9 (RLIN) | 147603 |
| 942 ## - ADDED ENTRY ELEMENTS (KOHA) | |
| Source of classification or shelving scheme | Dewey Decimal Classification |
| Koha item type | Books |
| Lost status | Source of classification or shelving scheme | Damaged status | Not for loan | Collection code | Permanent Location | Current Location | Shelving location | Date acquired | Source of acquisition | Cost, normal purchase price | Total Checkouts | Full call number | Date last seen | Copy number | Koha item type |
|---|---|---|---|---|---|---|---|---|---|---|---|---|---|---|---|
| Dewey Decimal Classification | Non-fiction | Central Library, University of Rajshahi | Central Library, University of Rajshahi | 20/02/1963 | Zeetlinger | 25.00 | 841.09 BRI 1957 | 12/11/2016 | C-2 | Books |